000 00474nam a22001817a 4500
003 CEME
005 20210628204121.0
008 210105b xxu||||| |||| 00| 0 eng d
020 _a9788131309735
040 _cceme
082 _a620.003 MIT
100 _aMittal, Arun
_968817
245 _aDictionary of engineering
260 _aNEW DELHI
_b2011
_cAPH
300 _a255P
650 _aDICTIONARY OF ENGINEERING TERMS.ENGINEERING DICTIONARY.
_968818
942 _cBK
_2ddc
999 _c576277
_d576277